Thiết kế cấu tạo kiến trúc nhà công nghiệp

محفوظ في:
التفاصيل البيبلوغرافية
المؤلف الرئيسي: Nguyễn, Minh Thái
التنسيق: كتاب
اللغة:Undetermined
منشور في: Hà Nội Xây dựng 2004
الموضوعات:
الوسوم: إضافة وسم
لا توجد وسوم, كن أول من يضع وسما على هذه التسجيلة!
Thư viện lưu trữ: Trung tâm Học liệu Trường Đại học Cần Thơ
LEADER 00624nam a2200205Ia 4500
001 CTU_64146
008 210402s9999 xx 000 0 und d
020 |b 32000 
082 |a 690.5 
082 |b Th103 
100 |a Nguyễn, Minh Thái 
245 0 |a Thiết kế cấu tạo kiến trúc nhà công nghiệp 
245 0 |c Nguyễn Minh Thái 
260 |a Hà Nội 
260 |b Xây dựng 
260 |c 2004 
650 |a Architecture,Buildings,Kiến trúc 
650 |x Design and plans,Thiết kế 
904 |i Năm 
980 |a Trung tâm Học liệu Trường Đại học Cần Thơ